| 000 | 00981nam a2200229 i 4500 | ||
|---|---|---|---|
| 001 | 18177 | ||
| 003 | ES-MaACL | ||
| 005 | 20240222171431.0 | ||
| 007 | t| | ||
| 008 | 011003s1943 ag |||| | spa d | ||
| 080 | _a821.134.2 Cervantes Saavedra, Miguel de 7 Novelas ejemplares.06 | ||
| 100 | 1 |
_aCasalduero, Joaquín, _d1903-1990 _936063 |
|
| 245 | 1 | 0 |
_aSentido y forma de las novelas ejemplares / _cJoaquín Casalduero. |
| 260 |
_aBuenos Aires : _bFacultad de Filosofía y Letras de la Universidad de Buenos Aires, Instituto de Filología, _c1943. |
||
| 300 |
_a219 p. ; _c24 cm. |
||
| 490 | 1 |
_aRevista de filología hispánica ; _vAnejo 1 |
|
| 600 | 1 | 4 |
_aCervantes Saavedra, Miguel de, _d1547-1616. _tNovelas ejemplares- _xCrítica e interpretación _937622 |
| 710 | 2 |
_aInstituto de Filología (Buenos Aires) _94943 |
|
| 830 | 1 |
_aRevista de filología hispánica ; _vAnejo 1 _9227320 |
|
| 852 | 4 |
_aES-MaACL _jAND-100 _z- Biblioteca Juan Andrade |
|
| 999 |
_c18177 _d18177 |
||